| 000 | 00511nam a2200181 a 4500 | ||
|---|---|---|---|
| 005 | 20240614063656.0 | ||
| 008 | 991125s1966 ea 000 0 eng u | ||
| 035 | _aUPN01000000238 | ||
| 049 | _aCG | ||
| 050 | 4 |
_aPE1119 _bH4.3 |
|
| 100 | 1 | _aHemming, James | |
| 245 | 1 | 0 |
_aAbsorbing english workbook three / _cJames Hemming, J. M. Stitt. |
| 260 |
_aLondon : _bLongmans Green, _c1966. |
||
| 300 |
_a62 p. : _bil. |
||
| 650 | 4 |
_aInglés _xEstudio y enseñanza _918 |
|
| 700 | 1 |
_aStitt, J. M., _ecoaut. |
|
| 905 | _aLibro | ||
| 999 |
_c238 _d238 |
||